000 00414nam a22001457a 4500
020 _a9780321509178
082 _a005.8 ALL
100 _a Allen, Julia H.
245 _a Software security engineering : a guide for project managers
260 _aNew York
_bAddison Wesley
_c2008
300 _axxiii, 334p. :
_e24 cm
650 _aComputer networks--Security measures
700 _aJulia H. Allen
942 _cBK
999 _c11793
_d11793